[Event "1. Ernst Stoeckl Gedenkturnier"]
[Site "?"]
[Date "2002.02.10"]
[Round "9.1"]
[White "Kleiser, Gregor"]
[Black "Roth, Peter"]
[Result "1-0"]
[WhiteElo "2177"]
[BlackElo "2266"]
[PlyCount "75"]
[EventDate "2002.??.??"]

1. d4 Nf6 2. c4 c5 3. d5 e5 4. Nc3 d6 5. e4 Be7 6. Nf3 O-O 7. g3 Ne8 8. Bg2 a6
9. O-O b5 10. cxb5 axb5 11. Nxb5 Ba6 12. Nc3 Bxf1 13. Bxf1 g6 14. Bh6 Ng7 15.
Qd2 Nd7 16. Bb5 Nf6 17. h3 Qa5 18. Qe3 Rab8 19. a4 Kh8 20. Nd2 Ng8 21. Nc4 Qd8
22. Bxg7+ Kxg7 23. a5 f5 24. a6 f4 25. Qd3 fxg3 26. fxg3 Ra8 27. Bc6 Ra7 28.
Nb5 Qb8 29. Kg2 Nf6 30. Nxa7 Qxa7 31. Bb7 Nd7 32. Rf1 Nb8 33. Rxf8 Kxf8 34. Qa3
Ke8 35. Qa4+ Kf7 36. Qa5 Nd7 37. Qc7 Ke8 38. Qc8+ 1-0

[Event "1. Ernst Stoeckl Gedenkturnier"]
[Site "?"]
[Date "2002.02.10"]
[Round "9.1"]
[White "Kilgus, Georg"]
[Black "Srienz, Christian"]
[Result "1-0"]
[WhiteElo "2203"]
[BlackElo "2145"]
[PlyCount "133"]
[EventDate "2002.??.??"]

1. Nf3 Nf6 2. c4 e6 3. Nc3 Bb4 4. Qc2 c5 5. a3 Bxc3 6. Qxc3 O-O 7. e3 b6 8. Be2
Bb7 9. O-O d5 10. cxd5 Nxd5 11. Qc2 Nc6 12. b3 h6 13. Bb2 Rc8 14. Rac1 Qe7 15.
Rfe1 Rfd8 16. Qb1 Nf6 17. Bc3 Qf8 18. d3 Rd7 19. Nd2 Rcd8 20. Nc4 Ne8 21. b4 b5
22. Ne5 Nxe5 23. Bxe5 cxb4 24. axb4 Qe7 25. Rc5 Rd5 26. Rec1 Qg5 27. Bf4 Qg6
28. e4 Rd4 29. f3 a6 30. Be3 R4d7 31. Qb2 Nd6 32. Qe5 Kh7 33. Rc7 Qf6 34. Qxf6
gxf6 35. Bb6 Kg7 36. Kf2 Kf8 37. Kg3 Kg7 38. Rxd7 Rxd7 39. Kh4 Kf8 40. Kh5 Nc8
41. Be3 Ne7 42. Kxh6 Nc6 43. Bc5+ Kg8 44. f4 e5 45. f5 Rc7 46. Ra1 Rc8 47. h4
Ra8 48. g4 a5 49. bxa5 Nxa5 50. Be7 Ra6 51. Bd1 Nc6 52. Rxa6 Bxa6 53. Bxf6 b4
54. Ba4 Nd4 55. Bxe5 Nf3 56. Bd6 Bxd3 57. Bxb4 Bxe4 58. Be7 Ne5 59. Kg5 Bf3 60.
Kf4 f6 61. Bb3+ Kh7 62. g5 Bh5 63. Bxf6 Nf3 64. Bd1 Bf7 65. Bxf3 Bd5 66. g6+
Kh6 67. Bxd5 1-0

[Event "1. Ernst Stoeckl Gedenkturnier"]
[Site "?"]
[Date "2002.02.10"]
[Round "9.1"]
[White "Havlicek, Josef"]
[Black "Petroczi, Thomas"]
[Result "0-1"]
[WhiteElo "2147"]
[BlackElo "2025"]
[PlyCount "82"]
[EventDate "2002.??.??"]

1. d4 Nf6 2. c4 e6 3. Nc3 Bb4 4. e3 O-O 5. Bd3 d5 6. Nge2 c5 7. a3 cxd4 8. exd4
dxc4 9. Bxh7+ Nxh7 10. axb4 Nc6 11. b5 Na5 12. Ra4 Bd7 13. O-O a6 14. Ra2 axb5
15. Bf4 Bc6 16. Ng3 Qh4 17. Bc7 Nb3 18. Rxa8 Rxa8 19. d5 exd5 20. Nf5 Qg5 21.
Nxd5 Re8 22. Nfe3 Nc5 23. f4 Qg6 24. f5 Qg5 25. Bf4 Qd8 26. Bc7 Qd7 27. Bb6 Na4
28. Ba5 Nxb2 29. Qd4 Nd3 30. Bc3 f6 31. Ra1 Rd8 32. Ba5 Ra8 33. Bc3 Rd8 34. Ba5
Re8 35. Bb6 Qd6 36. h4 Nf8 37. h5 Qe5 38. Nc7 Qxd4 39. Bxd4 Rc8 40. Ne6 Nxe6
41. fxe6 Rd8 0-1

[Event "1. Ernst Stoeckl Gedenkturnier"]
[Site "?"]
[Date "2002.02.10"]
[Round "9.1"]
[White "Hangweyrer, Roman"]
[Black "Horvath, Maria"]
[Result "1-0"]
[WhiteElo "2081"]
[BlackElo "1986"]
[PlyCount "79"]
[EventDate "2002.??.??"]

1. c4 e5 2. Nc3 Nc6 3. Nf3 Nf6 4. g3 d6 5. d4 g6 6. dxe5 dxe5 7. Qxd8+ Kxd8 8.
Bg5 Be7 9. O-O-O+ Nd7 10. Bxe7+ Kxe7 11. Nd5+ Kd8 12. Ng5 Rf8 13. Nxh7 Rh8 14.
Nhf6 Nd4 15. e3 Ne6 16. h4 Nxf6 17. Nxf6+ Ke7 18. Nd5+ Kf8 19. Bh3 f5 20. e4 c6
21. exf5 gxf5 22. Nc3 Nc5 23. b4 Na6 24. b5 Nc5 25. bxc6 bxc6 26. Rd6 e4 27.
Bf1 Bd7 28. Be2 Ke7 29. Rg6 Be6 30. h5 Nd3+ 31. Bxd3 exd3 32. Re1 d2+ 33. Kxd2
Rad8+ 34. Kc2 Rd6 35. Na4 Kf7 36. Nc5 Re8 37. Rgxe6 Rdxe6 38. Rxe6 Rxe6 39.
Nxe6 Kxe6 40. f3 1-0

[Event "1. Ernst Stoeckl Gedenkturnier"]
[Site "?"]
[Date "2002.02.10"]
[Round "9.1"]
[White "Prager, Manfred"]
[Black "Hirsch, Adolf Jun"]
[Result "1-0"]
[WhiteElo "2063"]
[BlackElo "2071"]
[PlyCount "111"]
[EventDate "2002.??.??"]

1. e4 e6 2. d4 d5 3. Nd2 c5 4. exd5 Qxd5 5. Ngf3 cxd4 6. Bc4 Qd6 7. O-O Nf6 8.
Nb3 Nc6 9. Nbxd4 Nxd4 10. Qxd4 Bd7 11. Bf4 Qxd4 12. Nxd4 Rc8 13. Bb3 Bc5 14.
Rad1 O-O 15. c3 a5 16. a4 Nd5 17. Bg3 Nb6 18. Nb5 Bxb5 19. axb5 a4 20. Ba2 a3
21. bxa3 Bxa3 22. Bd6 Bxd6 23. Rxd6 Na4 24. c4 Nc3 25. Bb3 Rfd8 26. Rxd8+ Rxd8
27. Ra1 Ne4 28. Rd1 Rxd1+ 29. Bxd1 b6 30. f3 Nc5 31. Kf2 e5 32. Ke3 f6 33. Bc2
Kf7 34. h4 h6 35. g3 Ke6 36. f4 Kd6 37. g4 Nd7 38. g5 Kc5 39. gxh6 gxh6 40. Bd3
exf4+ 41. Kxf4 Ne5 42. Be2 Kd6 43. Kf5 Ke7 44. h5 Kf7 45. Bf1 Nf3 46. Kf4 Ng5
47. Bg2 Ne6+ 48. Kg4 Nd4 49. Bd5+ Ke7 50. Kf4 Kd6 51. Ke4 Ne6 52. Kf5 Nc7 53.
Kxf6 Nxd5+ 54. cxd5 Kxd5 55. Kg6 Ke6 56. Kxh6 1-0

[Event "1. Ernst Stoeckl Gedenkturnier"]
[Site "?"]
[Date "2002.02.10"]
[Round "9.1"]
[White "Rott, Jakob"]
[Black "Blatny, Frantisek"]
[Result "0-1"]
[WhiteElo "1874"]
[BlackElo "2245"]
[PlyCount "42"]
[EventDate "2002.??.??"]

1. d4 Nf6 2. c4 e6 3. Nc3 Bb4 4. Qc2 d5 5. e3 c5 6. a3 Bxc3+ 7. bxc3 Nc6 8. Nf3
O-O 9. Bd3 Na5 10. Ne5 b6 11. cxd5 exd5 12. O-O Qc7 13. f4 c4 14. Be2 Ne4 15.
Bf3 f6 16. Ng4 Bxg4 17. Bxg4 f5 18. Bf3 Rae8 19. Kh1 Nb3 20. Ra2 Rf6 21. Rg1
Ng3+ 0-1

[Event "1. Ernst Stoeckl Gedenkturnier"]
[Site "?"]
[Date "2002.02.10"]
[Round "9.1"]
[White "Titz, Herbert"]
[Black "Linnert, Peter"]
[Result "1-0"]
[WhiteElo "1996"]
[BlackElo "1891"]
[PlyCount "50"]
[EventDate "2002.??.??"]

1. e4 e5 2. Nf3 Nf6 3. Nxe5 d6 4. Nc4 Nxe4 5. d4 d5 6. Ne3 Be6 7. Bd3 Nf6 8.
O-O c5 9. Re1 c4 10. Bf5 Qd7 11. Nd2 Be7 12. Qf3 Nc6 13. c3 O-O 14. Bc2 Rfe8
15. Ndf1 h6 16. Nf5 Bf8 17. Nxh6+ gxh6 18. Qxf6 Bg7 19. Qh4 Qe7 20. Qxe7 Rxe7
21. Bf4 Rae8 22. Ng3 b5 23. Kf1 a5 24. Nf5 Bxf5 25. Bxf5 Kf8 1-0